Figure Out the Lyrics: TV Theme V Quiz Stats

Quiz Updated May 24, 2015

Challenge
Share
Tweet
Embed
Score 0/57 Timer 07:00
3 Plays Today
% Correct
A
95.9%
a
95.9%
a
95.9%
a
95.9%
a
95.9%
the
94.6%
the
94.6%
the
94.6%
you
79.6%
and
75.9%
and
75.9%
is
68.6%
to
67.8%
on.
60.7%
on.
60.7%
on,
60.7%
are
55.7%
gonna
54.9%
They
54.8%
when
53%
can
50.7%
So
45.9%
altogether
44.9%
see
40.2%
We're
37.7%
Family.
36.2%
Family.
36.2%
Family.
36.2%
'em.
36.1%
% Correct
Addams
33.4%
Addams
33.4%
Addams
33.4%
They're
33%
they're
33%
They're
33%
Their
31.6%
come
30.8%
spooky.
28.9%
get
28%
creepy
27.7%
kooky,
27.6%
house
25.8%
people
23.8%
mysterious
20.5%
museum,
20.3%
really
20.2%
ooky,
19%
scre-am
17.3%
call
14%
Sweet.
10.1%
Neat.
9.9%
Petite.
9.7%
crawl
8.9%
pay
7.6%
shawl
7.1%
broomstick
6.9%
witch's
6.6%

You're not logged in!

Compare scores with friends on all Sporcle quizzes.
Sign Up with Email
OR
Log In

You Might Also Like...

Show Comments

Extras

Top Quizzes Today


Score Distribution

Your Account Isn't Verified!

In order to create a playlist on Sporcle, you need to verify the email address you used during registration. Go to your Sporcle Settings to finish the process.